Statistics for First Chinese Cities in History to Reach 100,000 People

Click here to take the quiz!

General Stats

  • This quiz has been taken 259 times
  • The average score is 18 of 32

Answer Stats

YearSubdivisionCity% Correct
1150BeijingBeijing
99%
1185GuangdongGuangzhou
91%
1815ShanghaiShanghai
91%
205 BCShaanxiXi'an
88%
1858Hong KongHong Kong
85%
320 ADJiangsuNanjing
84%
1690HubeiWuchang
83%
1770TianjinTianjin
79%
1600SichuanChengdu
75%
1880ChongqingChongqing
75%
1132ZhejiangHangzhou
72%
1895FujianXiamen
70%
750 ADTibetLhasa
67%
1850HunanChangsha
59%
865 ADYunnanDali
59%
1621LiaoningShenyang
59%
1000 BCHenanLuoyang
51%
1360JiangsuSuzhou
50%
1853ZhejiangNingbo
48%
1875ShandongJinan
46%
1850GansuLanzhou
40%
1890JiangsuWuxi
40%
920 ADHenanKaifeng
39%
1900GuizhouGuiyang
36%
1880JiangxiNanchang
36%
1775GuangdongFoshan
31%
1200NingxiaYinchuan
31%
220 BCShaanxiXianyang
22%
1870JiangsuZhenjiang
18%
1575JiangxiJingdezhen
17%
357 ADHebeiYe
13%
500 BCHebeiXiadu
5%

Score Distribution

Percentile by Number Answered

Percent of People with Each Score

Your Score History

You have not taken this quiz